<?xml version="1.0" encoding="UTF-8"?>
<record
    xmlns:xsi="http://www.w3.org/2001/XMLSchema-instance"
    xsi:schemaLocation="http://www.loc.gov/MARC21/slim http://www.loc.gov/standards/marcxml/schema/MARC21slim.xsd"
    xmlns="http://www.loc.gov/MARC21/slim">

  <leader>01398nam a22002657a 4500</leader>
  <controlfield tag="005">20170124103125.0</controlfield>
  <datafield tag="010" ind1=" " ind2=" ">
    <subfield code="a">A-561546</subfield>
  </datafield>
  <datafield tag="020" ind1=" " ind2=" ">
    <subfield code="c">10.50</subfield>
  </datafield>
  <datafield tag="035" ind1=" " ind2=" ">
    <subfield code="a">A-561546</subfield>
  </datafield>
  <datafield tag="037" ind1=" " ind2=" ">
    <subfield code="b">Cen Lib/Ret</subfield>
  </datafield>
  <datafield tag="040" ind1=" " ind2=" ">
    <subfield code="a">DPL</subfield>
    <subfield code="b">HN</subfield>
  </datafield>
  <datafield tag="082" ind1=" " ind2=" ">
    <subfield code="a">398.095435</subfield>
    <subfield code="b">&#x930;&#x93E;&#x91C;&#x942;&#x92C;&#x940; </subfield>
  </datafield>
  <datafield tag="100" ind1=" " ind2=" ">
    <subfield code="a">&#x930;&#x93E;&#x91C;&#x942;, &#x92C;&#x940;.&#x930;&#x93E;&#x92E; </subfield>
    <subfield code="9">82939</subfield>
  </datafield>
  <datafield tag="245" ind1=" " ind2=" ">
    <subfield code="a">&#x906;&#x902;&#x927;&#x94D;&#x930; &#x92A;&#x94D;&#x930;&#x926;&#x947;&#x936; : &#x932;&#x94B;&#x915; &#x938;&#x902;&#x938;&#x94D;&#x915;&#x943;&#x924;&#x93F; &#x914;&#x930; &#x938;&#x93E;&#x939;&#x93F;&#x924;&#x94D;&#x92F; /</subfield>
    <subfield code="c">&#x92C;&#x940;.&#x930;&#x93E;&#x92E; &#x930;&#x93E;&#x91C;&#x942; ; &#x905;&#x928;&#x941;&#x935;&#x93E;&#x926;&#x915; &#x92E;&#x938;&#x94D;&#x924; &#x930;&#x93E;&#x92E; &#x915;&#x92A;&#x942;&#x930; </subfield>
  </datafield>
  <datafield tag="246" ind1=" " ind2=" ">
    <subfield code="a">Andhra Pradesh : lok sanskriti aur sahitye /</subfield>
    <subfield code="b">by B.Ram Raju ; anuvadak Mast Ram Kapoor </subfield>
  </datafield>
  <datafield tag="260" ind1=" " ind2=" ">
    <subfield code="a"> &#x928;&#x92F;&#x940; &#x926;&#x93F;&#x932;&#x94D;&#x932;&#x940;  </subfield>
    <subfield code="b">&#x928;&#x947;&#x936;&#x928;&#x932; &#x92C;&#x941;&#x915; &#x91F;&#x94D;&#x930;&#x938;&#x94D;&#x91F; </subfield>
    <subfield code="c">1981</subfield>
  </datafield>
  <datafield tag="270" ind1=" " ind2=" ">
    <subfield code="a">&#x90F;-5, &#x917;&#x94D;&#x930;&#x940;&#x928; &#x92A;&#x93E;&#x930;&#x94D;&#x915; </subfield>
    <subfield code="b"> &#x928;&#x92F;&#x940; &#x926;&#x93F;&#x932;&#x94D;&#x932;&#x940;  </subfield>
    <subfield code="e">110016</subfield>
  </datafield>
  <datafield tag="300" ind1=" " ind2=" ">
    <subfield code="a">153&#x92A;&#x943;.  :</subfield>
    <subfield code="c">20&#x938;&#x947;&#x92E;&#x940;(&#x938;&#x91C;&#x93F;&#x932;&#x94D;&#x926;)</subfield>
    <subfield code="b">&#x938;&#x91A;&#x93F;&#x924;&#x94D;&#x930; </subfield>
  </datafield>
  <datafield tag="650" ind1=" " ind2=" ">
    <subfield code="a">&#x906;&#x902;&#x927;&#x94D;&#x930; &#x92A;&#x94D;&#x930;&#x926;&#x947;&#x936; -- &#x930;&#x940;&#x924;&#x93F; &#x930;&#x93F;&#x935;&#x93E;&#x91C;&#x93C; &#x914;&#x930; &#x92A;&#x930;&#x902;&#x92A;&#x930;&#x93E;&#x90F;&#x901; </subfield>
    <subfield code="9">82940</subfield>
  </datafield>
  <datafield tag="650" ind1=" " ind2=" ">
    <subfield code="a">&#x906;&#x902;&#x927;&#x94D;&#x930; &#x92A;&#x94D;&#x930;&#x926;&#x947;&#x936; -- &#x938;&#x902;&#x917;&#x940;&#x924; &#x914;&#x930; &#x928;&#x943;&#x924;&#x94D;&#x92F; </subfield>
    <subfield code="9">82941</subfield>
  </datafield>
  <datafield tag="650" ind1=" " ind2=" ">
    <subfield code="a">Andhra Pradesh - customs and traditions</subfield>
    <subfield code="9">82942</subfield>
  </datafield>
  <datafield tag="650" ind1=" " ind2=" ">
    <subfield code="a">Andhra Pradesh - Music and dance</subfield>
    <subfield code="9">82943</subfield>
  </datafield>
  <datafield tag="700" ind1=" " ind2=" ">
    <subfield code="a">&#x915;&#x92A;&#x942;&#x930;,  &#x92E;&#x938;&#x94D;&#x924; &#x930;&#x93E;&#x92E; </subfield>
    <subfield code="9">6710</subfield>
  </datafield>
  <datafield tag="942" ind1=" " ind2=" ">
    <subfield code="2">ddc</subfield>
    <subfield code="c">HN</subfield>
    <subfield code="h">398.095435</subfield>
    <subfield code="m">&#x930;&#x93E;&#x91C;&#x942;&#x92C;&#x940; </subfield>
  </datafield>
  <datafield tag="999" ind1=" " ind2=" ">
    <subfield code="c">119015</subfield>
    <subfield code="d">119015</subfield>
  </datafield>
  <datafield tag="952" ind1=" " ind2=" ">
    <subfield code="0">0</subfield>
    <subfield code="1">0</subfield>
    <subfield code="4">0</subfield>
    <subfield code="7">0</subfield>
    <subfield code="a">L</subfield>
    <subfield code="b">L</subfield>
    <subfield code="d">2015-09-15</subfield>
    <subfield code="e">Cen Lib/Ret</subfield>
    <subfield code="g">10.50</subfield>
    <subfield code="l">1</subfield>
    <subfield code="o">398.095435 &#x930;&#x93E;&#x91C;&#x942;&#x92C;&#x940;</subfield>
    <subfield code="p">A-561546</subfield>
    <subfield code="r">2018-09-20 00:00:00</subfield>
    <subfield code="s">2018-09-10</subfield>
    <subfield code="t">1</subfield>
    <subfield code="v">10.50</subfield>
    <subfield code="w">2015-09-15</subfield>
    <subfield code="y">HN</subfield>
  </datafield>
</record>
